000
00288nam a2200157Ia 4500
100
_a
Dean/Jared
650
_a
Big data
942
_c
RB
366
_f
10
654
_a
big data
245
_a
Big data
260
_b
Wiley
_c
2014
082
_b
DEA
300
_a
265
546
_a
ENGLISH
999
_c
28427
_d
28427